000
00285nam a22001337a 4500
008
180922b xxu||||| |||| 00| 0 eng d
020
_a
000892131
041
_a
eng
080
_a
617
100
_a
6
101
_a
ANE
245
_a
Regional Anesthesia
_c
Mulroy, M.F
942
_2
udc
_c
BK
999
_c
48283
_d
48283